000 00261nam a22001217a 4500
008 170605b xxu||||| |||| 00| 0 eng d
041 _aeng
080 _a94
100 _a18
101 _aSHH
245 _aJAPANESE AMERICAN HISTORY
_cNIA.B
942 _2udc
_cBK
999 _c15954
_d15954